Design Drawing (Record no. 8196)

MARC details
000 -LEADER
fixed length control field 00379nam a2200157Ia 4500
008 - FIXED-LENGTH DATA ELEMENTS--GENERAL INFORMATION
fixed length control field 230312s9999||||xx |||||||||||||| ||und||
020 ## - INTERNATIONAL STANDARD BOOK NUMBER
International Standard Book Number 0-470-53369-7
082 ## - DEWEY DECIMAL CLASSIFICATION NUMBER
Classification number 720.284
Item number CHI-D
100 ## - MAIN ENTRY--PERSONAL NAME
Personal name Ching;Francis,D.K
245 #0 - TITLE STATEMENT
Title Design Drawing
260 ## - PUBLICATION, DISTRIBUTION, ETC.
Name of publisher, distributor, etc. Wilay & Sons
Place of publication, distribution, etc. India
Date of publication, distribution, etc. 2010
300 ## - PHYSICAL DESCRIPTION
Extent 408
546 ## - LANGUAGE NOTE
Language note Eng.
650 ## - SUBJECT ADDED ENTRY--TOPICAL TERM
Topical term or geographic name entry element Architecture
Form subdivision Design Drawing
942 ## - ADDED ENTRY ELEMENTS (KOHA)
Koha item type BOOK
Holdings
Withdrawn status Lost status Source of classification or shelving scheme Damaged status Not for loan Home library Current library Date acquired Total Checkouts Full call number Barcode Date due Date last seen Date last checked out Price effective from Koha item type
    Dewey Decimal Classification     Superior Information Resource Center (SIRC) Superior University- Main Campus Superior Information Resource Center (SIRC) Superior University- Main Campus 03/13/2023 1 720.284 CHI-D 8304 03/21/2025 03/14/2025 03/14/2025 03/13/2023 BOOK

Powered by Koha